[Event "Nordisk Mesterskab 1999"]
[Site "Gentofte"]
[Date "1999.08.11"]
[Round "6"]
[White "Westerinen, Heikki"]
[Black "Olsen, Heini"]
[Result "1-0"]
[WhiteElo "2382"]
[BlackElo "2292"]
[PlyCount "39"]
[EventDate "1999.08.06"]
[EventType "tourn"]
[EventRounds "13"]
[EventCountry "DEN"]

1. e4 c6 2. d4 d5 3. Nc3 dxe4 4. Nxe4 Nd7 5. Bc4 Ngf6 6. Nxf6+ Nxf6 7. c3 Qc7
8. Ne2 e6 9. Bf4 Bd6 10. Bxd6 Qxd6 11. Qd3 O-O 12. Qg3 Qe7 13. O-O b6 14. Rfe1
c5 15. Rad1 cxd4 16. Nxd4 Qc5 17. Bb3 Bb7 18. Re5 Qc7 19. Nxe6 fxe6 20. Rxe6
1-0

[Event "Nordisk Mesterskab 1999"]
[Site "Gentofte"]
[Date "1999.08.11"]
[Round "6"]
[White "Borge, Nikolaj"]
[Black "Olafsson, Helgi"]
[Result "0-1"]
[WhiteElo "2426"]
[BlackElo "2494"]
[PlyCount "86"]
[EventDate "1999.08.06"]
[EventType "tourn"]
[EventRounds "13"]
[EventCountry "DEN"]

1. e4 c5 2. Nf3 d6 3. d4 cxd4 4. Nxd4 Nf6 5. Nc3 a6 6. Be3 e6 7. g4 h6 8. f4 e5
9. Nf5 h5 10. h3 hxg4 11. Qd3 g6 12. fxe5 dxe5 13. Qxd8+ Kxd8 14. Bg5 Nbd7 15.
Rd1 Kc7 16. Ne3 Rh5 17. Ned5+ Nxd5 18. Nxd5+ Kb8 19. Bd8 b5 20. Bc7+ Kb7 21.
Be2 Rxh3 22. O-O g3 23. b4 Rh2 24. Bg4 Rf2 25. Ba5 Nb6 26. Bxc8+ Nxc8 27. Nc7
Bxb4 28. Bxb4 Kxc7 29. Ba5+ Kc6 30. Rd8 Rxf1+ 31. Kxf1 f5 32. Kg2 f4 33. a3 g5
34. Re8 g4 35. Rxe5 Nd6 36. Re6 Kd7 37. Rg6 Nc4 38. Rg7+ Ke6 39. Bc7 Ra7 40.
Rg6+ Kf7 41. Rc6 Rxc7 42. Rxc7+ Ke6 43. Kg1 f3 0-1

[Event "Nordisk Mesterskab 1999"]
[Site "Gentofte"]
[Date "1999.08.11"]
[Round "6"]
[White "Gretarsson, Helgi Ass"]
[Black "Hansen, Sune Berg"]
[Result "1/2-1/2"]
[WhiteElo "2521"]
[BlackElo "2558"]
[PlyCount "37"]
[EventDate "1999.08.06"]
[EventType "tourn"]
[EventRounds "13"]
[EventCountry "DEN"]

1. d4 Nf6 2. c4 e6 3. Nf3 b6 4. Bf4 Bb7 5. e3 Be7 6. h3 c5 7. Nc3 cxd4 8. Nxd4
a6 9. Be2 O-O 10. O-O d6 11. Nb3 Qc7 12. Re1 Nbd7 13. Bf1 Rfd8 14. e4 Rac8 15.
Qe2 Ne5 16. Nd2 Nfd7 17. Be3 Re8 18. f4 Ng6 19. Qf2 1/2-1/2

[Event "Nordisk Mesterskab 1999"]
[Site "Gentofte"]
[Date "1999.08.12"]
[Round "7"]
[White "Persson, Tiger Hillarp"]
[Black "Borge, Nikolaj"]
[Result "1-0"]
[WhiteElo "2507"]
[BlackElo "2426"]
[PlyCount "81"]
[EventDate "1999.08.06"]
[EventType "tourn"]
[EventRounds "13"]
[EventCountry "DEN"]

1. d4 Nf6 2. c4 g6 3. Nc3 d5 4. Bf4 Bg7 5. Nf3 dxc4 6. e3 c5 7. dxc5 Qa5 8.
Bxc4 O-O 9. O-O Qxc5 10. Bb3 Nc6 11. Rc1 Qa5 12. h3 Bf5 13. Qe2 Ne4 14. Nd5 e5
15. Rxc6 bxc6 16. Ne7+ Kh8 17. Nxc6 Qb6 18. Ncxe5 Be6 19. Bxe6 Qxe6 20. Qc2 Nf6
21. Qa4 Nd5 22. Bg3 Kg8 23. Rd1 Nb6 24. Qa6 Qc8 25. Qe2 Re8 26. b3 Qc3 27. Rd3
Qa1+ 28. Rd1 Qc3 29. Rd4 Qa5 30. b4 Qa3 31. h4 Rac8 32. h5 Rc1+ 33. Kh2 Ra1 34.
Qb5 Rf8 35. Nc6 Qxa2 36. Ne7+ Kh8 37. hxg6 fxg6 38. Rh4 Qb1 39. Be5 h5 40. Bxa1
Bxa1 41. Qg5 1-0

[Event "Nordisk Mesterskab 1999"]
[Site "Gentofte"]
[Date "1999.08.12"]
[Round "7"]
[White "Hector, Jonny"]
[Black "Gretarsson, Helgi Ass"]
[Result "1/2-1/2"]
[WhiteElo "2505"]
[BlackElo "2521"]
[PlyCount "81"]
[EventDate "1999.08.06"]
[EventType "tourn"]
[EventRounds "13"]
[EventCountry "DEN"]

1. e4 e6 2. d4 d5 3. Nc3 Nf6 4. Bg5 Be7 5. e5 Nfd7 6. h4 c5 7. Bxe7 Kxe7 8. f4
Qb6 9. Na4 Qa5+ 10. c3 b6 11. Rb1 c4 12. b4 cxb3 13. axb3 b5 14. Nb2 Qxc3+ 15.
Kf2 Ba6 16. Ne2 Qa5 17. b4 Qxb4 18. Nd3 Qa5 19. Nec1 Qb6 20. Nb3 b4 21. Nxb4
Qxb4 22. Nc5 Qa3 23. Nxa6 Nxa6 24. Rh3 Qa2+ 25. Be2 Rhc8 26. Ra1 Qc2 27. Qxc2
Rxc2 28. Rxa6 Nb8 29. Ra4 Rb2 30. Rc3 Kd7 31. Ke3 Nc6 32. Ra6 Rc8 33. Bd1 Rxg2
34. Rc5 Rb2 35. Ba4 Rb6 36. Rxa7+ Ke8 37. Rxc6 Rbxc6 38. Ra6 Kd7 39. h5 h6 40.
Kf3 f5 41. Ke2 1/2-1/2

[Event "Nordisk Mesterskab 1999"]
[Site "Gentofte"]
[Date "1999.08.12"]
[Round "7"]
[White "Akesson, Ralf"]
[Black "Westerinen, Heikki"]
[Result "1-0"]
[WhiteElo "2535"]
[BlackElo "2382"]
[PlyCount "89"]
[EventDate "1999.08.06"]
[EventType "tourn"]
[EventRounds "13"]
[EventCountry "DEN"]

1. c4 e5 2. Nc3 Nc6 3. g3 g6 4. Bg2 Bg7 5. Rb1 Nf6 6. b4 O-O 7. b5 Ne7 8. Nf3
d5 9. Nxe5 Ne4 10. f4 Nxc3 11. dxc3 f6 12. Nf3 Bf5 13. Rb4 c5 14. bxc6 bxc6 15.
Nd4 c5 16. Nxf5 cxb4 17. Nxe7+ Qxe7 18. Bxd5+ Kh8 19. cxb4 Qxb4+ 20. Bd2 Qc5
21. Bxa8 Rxa8 22. Qb3 Qd4 23. Qc3 Qe4 24. Qf3 Qxf3 25. exf3 Rc8 26. Ke2 Rxc4
27. Rc1 Rxc1 28. Bxc1 Kg8 29. Kd3 Kf7 30. Kc4 f5 31. Be3 a6 32. Bd4 Bf8 33. Bc5
Bg7 34. Kd5 Bc3 35. a4 Be1 36. Bb6 Ke7 37. Kc6 Ke6 38. a5 Bc3 39. Kb7 Kd5 40.
Kxa6 Kc6 41. Ka7 Bxa5 42. Bxa5 Kc5 43. g4 Kd4 44. g5 Ke3 45. Bc7 1-0

[Event "Nordisk Mesterskab 1999"]
[Site "Gentofte"]
[Date "1999.08.12"]
[Round "7"]
[White "Gunnarsson, Jon Viktor"]
[Black "Agdestein, Simen"]
[Result "1/2-1/2"]
[WhiteElo "2411"]
[BlackElo "2580"]
[PlyCount "120"]
[EventDate "1999.08.06"]
[EventType "tourn"]
[EventRounds "13"]
[EventCountry "DEN"]

1. e4 c5 2. Nf3 Nc6 3. d4 cxd4 4. Nxd4 Nf6 5. Nc3 e5 6. Ndb5 h6 7. Nd6+ Bxd6 8.
Qxd6 Qe7 9. Qxe7+ Kxe7 10. Be3 d6 11. f3 Be6 12. O-O-O a6 13. Bb6 Rhc8 14. a3
Nb8 15. Be2 Nbd7 16. Be3 b5 17. Rd2 Rc6 18. Rhd1 Rb8 19. g4 Nb6 20. Nd5+ Bxd5
21. exd5 Rc7 22. b3 Rc3 23. Bf2 Nbd7 24. Rd3 Rxd3 25. Rxd3 Nb6 26. Bxb6 Rxb6
27. Rd1 a5 28. b4 axb4 29. axb4 g5 30. Kb2 h5 31. h3 Rb8 32. Kb3 hxg4 33. fxg4
Nd7 34. Ra1 Nf6 35. Ra7+ Kf8 36. Ra5 Nxd5 37. Rxb5 Rxb5 38. Bxb5 Ke7 39. Bc6
Ne3 40. c4 f5 41. gxf5 Nxf5 42. Be4 Ne3 43. b5 Kd8 44. b6 g4 45. hxg4 Nxg4 46.
Kb4 Ne3 47. Bb7 Nc2+ 48. Ka5 Na3 49. Bd5 Kc8 50. Kb4 Nc2+ 51. Kb5 Nd4+ 52. Ka6
Kb8 53. Bg2 Ne2 54. Kb5 e4 55. Kc6 e3 56. Kxd6 Nd4 57. Bf1 e2 58. Bxe2 Nxe2 59.
c5 Nd4 60. Kd5 Nc2 1/2-1/2

[Event "Nordisk Mesterskab 1999"]
[Site "Gentofte"]
[Date "1999.08.14"]
[Round "8"]
[White "Borge, Nikolaj"]
[Black "Gunnarsson, Jon Viktor"]
[Result "1-0"]
[WhiteElo "2426"]
[BlackElo "2411"]
[PlyCount "113"]
[EventDate "1999.08.06"]
[EventType "tourn"]
[EventRounds "13"]
[EventCountry "DEN"]

1. e4 e5 2. Nf3 Nf6 3. Nxe5 d6 4. Nf3 Nxe4 5. d4 d5 6. Bd3 Bd6 7. O-O O-O 8. c4
c6 9. Re1 f5 10. Nc3 Be6 11. cxd5 cxd5 12. Ng5 Nxg5 13. Bxg5 Qd7 14. Qe2 Bf7
15. Qf3 Be6 16. Bb5 Nc6 17. Bxc6 bxc6 18. Bf4 Rae8 19. Na4 Bf7 20. Qg3 Bxf4 21.
Qxf4 Re4 22. Qd2 Qd6 23. Nc5 Rh4 24. g3 Rh6 25. f4 Bh5 26. Kg2 Qg6 27. Nd3 Qd6
28. Re3 Rhf6 29. Rae1 h6 30. Re7 R8f7 31. Qb4 Rxe7 32. Rxe7 Qxb4 33. Nxb4 Kf8
34. Re1 Be8 35. Nd3 Rf7 36. Nc5 Bd7 37. Re3 Re7 38. Re5 Bc8 39. Kf2 Kf7 40. h4
Kf6 41. Ke2 Bd7 42. Kd2 Rf7 43. Kc3 g5 44. hxg5+ hxg5 45. Kb4 gxf4 46. gxf4 Kg6
47. b3 Bc8 48. Re8 Rc7 49. Rh8 Kg7 50. Rd8 Kh6 51. Nd3 Kh5 52. Ne5 Kh4 53. Kc5
Ba6 54. Rf8 Be2 55. Rxf5 a5 56. Rf8 a4 57. Kb6 1-0

[Event "Nordisk Mesterskab 1999"]
[Site "Gentofte"]
[Date "1999.08.14"]
[Round "8"]
[White "Gausel, Einar"]
[Black "Akesson, Ralf"]
[Result "1-0"]
[WhiteElo "2500"]
[BlackElo "2535"]
[PlyCount "81"]
[EventDate "1999.08.06"]
[EventType "tourn"]
[EventRounds "13"]
[EventCountry "DEN"]

1. d4 Nf6 2. Nf3 g6 3. Bg5 Bg7 4. Nbd2 O-O 5. e3 d5 6. Be2 Nbd7 7. O-O Re8 8.
c4 e5 9. Rc1 exd4 10. Nxd4 h6 11. Bh4 dxc4 12. Nxc4 Nb6 13. b4 c6 14. Qb3 g5
15. Bg3 Ne4 16. Rfd1 Qe7 17. Na5 Nxg3 18. hxg3 Bxd4 19. Rxd4 Be6 20. Qb2 Rad8
21. a3 Rxd4 22. Qxd4 Rd8 23. Qe5 Rd2 24. Bf3 Rd7 25. Qb8+ Kg7 26. Qxa7 Nc8 27.
Qc5 Qf6 28. Qc2 Ne7 29. Be4 Qe5 30. Bd3 Qd6 31. Bc4 Bxc4 32. Nxc4 Qf6 33. e4
Ng6 34. Ne3 Ne7 35. Rd1 Rxd1+ 36. Qxd1 Qe5 37. Qd7 Qxe4 38. Qxb7 Ng6 39. Qd7
Qb1+ 40. Kh2 Qa2 41. Qd4+ 1-0

[Event "Nordisk Mesterskab 1999"]
[Site "Gentofte"]
[Date "1999.08.14"]
[Round "8"]
[White "Gretarsson, Helgi Ass"]
[Black "Olsen, Heini"]
[Result "1-0"]
[WhiteElo "2521"]
[BlackElo "2292"]
[PlyCount "75"]
[EventDate "1999.08.06"]
[EventType "tourn"]
[EventRounds "13"]
[EventCountry "DEN"]

1. c4 Nf6 2. Nc3 g6 3. d4 Bg7 4. e4 d6 5. f4 O-O 6. Nf3 c5 7. dxc5 Qa5 8. Bd3
Qxc5 9. Qe2 Bg4 10. Be3 Qa5 11. O-O Nc6 12. Rac1 Nd7 13. Qf2 Bxf3 14. gxf3 Nc5
15. Bb1 Na4 16. Nxa4 Qxa4 17. Rfd1 Rfd8 18. Rd3 Qa5 19. a3 Qc7 20. Kh1 b6 21.
b4 Rac8 22. Ba2 Nb8 23. Rcd1 Nd7 24. e5 Bf8 25. Bb3 Nb8 26. e6 Bg7 27. exf7+
Kh8 28. c5 dxc5 29. Rxd8+ Rxd8 30. Rxd8+ Qxd8 31. bxc5 Nc6 32. cxb6 axb6 33.
Qd2 Qxd2 34. Bxd2 h6 35. Bc2 e5 36. Bxg6 Nd4 37. fxe5 Nxf3 38. e6 1-0

[Event "Nordisk Mesterskab 1999"]
[Site "Gentofte"]
[Date "1999.08.14"]
[Round "8"]
[White "Schandorff, Lars"]
[Black "Agdestein, Simen"]
[Result "1/2-1/2"]
[WhiteElo "2514"]
[BlackElo "2580"]
[PlyCount "155"]
[EventDate "1999.08.06"]
[EventType "tourn"]
[EventRounds "13"]
[EventCountry "DEN"]

1. d4 d5 2. c4 c6 3. Nc3 Nf6 4. e3 a6 5. Qc2 b5 6. b3 g6 7. Bd3 Bg7 8. Nf3 Bb7
9. O-O O-O 10. Bb2 Nbd7 11. Rad1 e6 12. e4 bxc4 13. bxc4 dxe4 14. Nxe4 c5 15.
Nxf6+ Bxf6 16. Be4 Rb8 17. Bxb7 Rxb7 18. Bc3 cxd4 19. Bxd4 Qc7 20. Bxf6 Nxf6
21. Rb1 Rxb1 22. Rxb1 Rc8 23. Rc1 e5 24. Qc3 Nd7 25. h3 e4 26. Nd2 Nc5 27. Re1
f5 28. Rb1 Nd3 29. Qf6 Rf8 30. Qe6+ Kh8 31. Qb6 Qe5 32. Nb3 f4 33. Qd4 Qxd4 34.
Nxd4 Rc8 35. Ne6 Kg8 36. c5 e3 37. fxe3 fxe3 38. Kf1 Kf7 39. Ke2 Nxc5 40. Nxc5
Rxc5 41. Kxe3 Rc2 42. Rb7+ Kg8 43. Kf3 Rxa2 44. h4 Ra3+ 45. Kf2 h6 46. Rb6 Kg7
47. Rc6 a5 48. Ra6 a4 49. Kg1 Ra1+ 50. Kh2 a3 51. Kg3 h5 52. Kh2 Kf7 53. Kg3
Ra2 54. Kh2 Ke7 55. Kg3 Kd7 56. Rxg6 Rc2 57. Ra6 a2 58. Kf3 Kc7 59. g4 Kb7 60.
Ra5 Kb6 61. Ra8 hxg4+ 62. Kxg4 Kb5 63. Rb8+ Kc4 64. Rc8+ Kb3 65. Rb8+ Ka3 66.
Ra8+ Kb3 67. Rb8+ Kc3 68. Ra8 Kb2 69. h5 Rc8 70. Ra7 a1=Q 71. Rxa1 Kxa1 72. h6
Kb2 73. Kg5 Kc3 74. h7 Kd4 75. Kf6 Ke4 76. Kg7 Rc7+ 77. Kg6 Rc8 78. Kg7 1/2-1/2

[Event "Nordisk Mesterskab 1999"]
[Site "Gentofte"]
[Date "1999.08.15"]
[Round "9"]
[White "Olsen, Heini"]
[Black "Hansen, Sune Berg"]
[Result "0-1"]
[WhiteElo "2292"]
[BlackElo "2558"]
[PlyCount "66"]
[EventDate "1999.08.06"]
[EventType "tourn"]
[EventRounds "13"]
[EventCountry "DEN"]

1. d4 Nf6 2. c4 e6 3. Nc3 Bb4 4. e3 O-O 5. Bd3 c5 6. Nf3 d5 7. O-O dxc4 8. Bxc4
cxd4 9. exd4 b6 10. Bg5 Bb7 11. Rc1 Nc6 12. Bd3 Ne7 13. a3 Bxc3 14. bxc3 Ng6
15. Re1 Qd6 16. Ne5 Nxe5 17. Rxe5 Qc6 18. f3 Nd7 19. Re1 Rfe8 20. Bf4 Nf6 21.
Be5 Nd5 22. Qc2 h6 23. Qb3 Qd7 24. Rcd1 Bc6 25. Rb1 b5 26. Rec1 Rac8 27. c4
bxc4 28. Bxc4 Ba4 29. Qb7 Qxb7 30. Rxb7 Rc6 31. Kf2 Nb6 32. Rc7 Rc8 33. Ba6
R8xc7 0-1

[Event "Nordisk Mesterskab 1999"]
[Site "Gentofte"]
[Date "1999.08.15"]
[Round "9"]
[White "Akesson, Ralf"]
[Black "Gretarsson, Helgi Ass"]
[Result "1/2-1/2"]
[WhiteElo "2535"]
[BlackElo "2521"]
[PlyCount "83"]
[EventDate "1999.08.06"]
[EventType "tourn"]
[EventRounds "13"]
[EventCountry "DEN"]

1. d4 d5 2. c4 c6 3. Nf3 Nf6 4. Nc3 dxc4 5. a4 Na6 6. e4 Bg4 7. Bxc4 Bxf3 8.
gxf3 e6 9. Be3 Nb4 10. f4 Be7 11. O-O O-O 12. Kh1 c5 13. dxc5 Qxd1 14. Raxd1
Rac8 15. e5 Ng4 16. Ne4 Nxe3 17. fxe3 Bxc5 18. f5 Nd5 19. fxe6 fxe6 20. Ng5
Rxf1+ 21. Bxf1 Nxe3 22. Bh3 Nxd1 23. Bxe6+ Kf8 24. Bxc8 Ke7 25. b3 b5 26. axb5
Bd4 27. e6 h6 28. Nf3 Bf6 29. Nd2 Nc3 30. Bd7 Ne2 31. Nc4 Nd4 32. Na5 Nxe6 33.
Bxe6 Kxe6 34. Nc6 Kd6 35. Nxa7 Kc7 36. Nc6 Kb6 37. Nb4 Kxb5 38. Nd3 g5 39. Kg2
h5 40. Kf3 Be7 41. Ke4 Bd6 42. h3 1/2-1/2

[Event "Nordisk Mesterskab 1999"]
[Site "Gentofte"]
[Date "1999.08.15"]
[Round "9"]
[White "Agdestein, Simen"]
[Black "Borge, Nikolaj"]
[Result "1-0"]
[WhiteElo "2580"]
[BlackElo "2426"]
[PlyCount "76"]
[EventDate "1999.08.06"]
[EventType "tourn"]
[EventRounds "13"]
[EventCountry "DEN"]

1. c4 Nf6 2. Nc3 g6 3. e4 d6 4. d4 Bg7 5. f3 O-O 6. Bg5 a6 7. Qd2 c5 8. d5 Qa5
9. a4 b5 10. cxb5 Qb4 11. Qc2 axb5 12. Bd2 c4 13. Nxb5 Qxb5 14. axb5 Rxa1+ 15.
Kf2 e6 16. dxe6 Bxe6 17. Ne2 d5 18. Bb4 dxe4 19. Bxf8 e3+ 20. Kxe3 Nd5+ 21. Kf2
Bxf8 22. Qxc4 Nd7 23. g4 Bc5+ 24. Kg3 Ne3 25. Qc3 Bd6+ 26. Kh3 Nd1 27. Qd2 Be5
28. Nd4 Nc5 29. Kg2 Nxb2 30. Be2 Ra4 31. Nc6 Nbd3 32. Nxe5 Nxe5 33. Rc1 Nb3 34.
Rc8+ Bxc8 35. Qd8+ Kg7 36. Qxc8 Ra2 37. Qc3 Rxe2+ 38. Kf1 Kf8 1-0

[Event "Nordisk Mesterskab 1999"]
[Site "Gentofte"]
[Date "1999.08.15"]
[Round "9"]
[White "Persson, Tiger Hillarp"]
[Black "Westerinen, Heikki"]
[Result "1-0"]
[WhiteElo "2507"]
[BlackElo "2382"]
[PlyCount "121"]
[EventDate "1999.08.06"]
[EventType "tourn"]
[EventRounds "13"]
[EventCountry "DEN"]

1. d4 Nf6 2. c4 e6 3. Nf3 b6 4. Nc3 Bb7 5. a3 d5 6. cxd5 Nxd5 7. Bd2 Be7 8. Qc2
O-O 9. e4 Nxc3 10. Bxc3 c5 11. dxc5 bxc5 12. Rd1 Qb6 13. Ne5 Qc7 14. Nc4 Nc6
15. Bd3 Nd4 16. Qb1 Qf4 17. O-O Rad8 18. Rde1 Rd7 19. Re3 Rfd8 20. Rfe1 h6 21.
Bf1 Bf8 22. Ba5 Rb8 23. Bd2 Qc7 24. Rg3 Kh8 25. Qc1 Re8 26. Bf4 e5 27. Bd2 Re6
28. Qd1 Qd8 29. Bc3 Nf5 30. Qxd7 Qxd7 31. exf5 Re7 32. Rd3 Qxf5 33. Rd8 Kg8 34.
Rxe5 Rxe5 35. Bxe5 Qg5 36. Rb8 Bd5 37. Bd6 Kh7 38. Rxf8 Qc1 39. Ne3 Be6 40. Be5
f6 41. Bc3 h5 42. Rd8 Qb1 43. Rd6 Bb3 44. Rc6 f5 45. Rxc5 f4 46. Nc4 Qd1 47.
Rc7 Bxc4 48. Rxc4 g5 49. h4 f3 50. Rd4 Qc1 51. Rd7+ Kg8 52. Rg7+ Kf8 53. Rxg5
fxg2 54. Kxg2 Qf4 55. Be2 Qxh4 56. Rf5+ Kg8 57. Bf3 Qa4 58. Rxh5 Kf7 59. Re5
Qc2 60. Bh5+ Kg8 61. Rg5+ 1-0

[Event "Nordisk Mesterskab 1999"]
[Site "Gentofte"]
[Date "1999.08.15"]
[Round "9"]
[White "Gunnarsson, Jon Viktor"]
[Black "Hansen, Torbjorn Ringdal"]
[Result "1-0"]
[WhiteElo "2411"]
[BlackElo "2259"]
[PlyCount "45"]
[EventDate "1999.08.06"]
[EventType "tourn"]
[EventRounds "13"]
[EventCountry "DEN"]

1. e4 c6 2. Nf3 d5 3. Nc3 dxe4 4. Nxe4 Nf6 5. Ng3 Nbd7 6. d4 e6 7. Bc4 c5 8.
O-O Nb6 9. Bd3 Be7 10. dxc5 Bxc5 11. Qe2 O-O 12. c4 Qc7 13. b3 Nbd7 14. Bb2 Qf4
15. Rad1 b6 16. Ne5 Qh4 17. Nxd7 Nxd7 18. Qe4 Qxe4 19. Bxe4 Rb8 20. Bc6 Nf6 21.
Be5 Bb7 22. Bxb8 Bxc6 23. Bd6 1-0

[Event "Nordisk Mesterskab 1999"]
[Site "Gentofte"]
[Date "1999.08.16"]
[Round "10"]
[White "Hector, Jonny"]
[Black "Olsen, Heini"]
[Result "1-0"]
[WhiteElo "2505"]
[BlackElo "2292"]
[PlyCount "69"]
[EventDate "1999.08.06"]
[EventType "tourn"]
[EventRounds "13"]
[EventCountry "DEN"]

1. e4 e5 2. Nf3 Nc6 3. d4 exd4 4. Nxd4 Nf6 5. Nxc6 bxc6 6. e5 Qe7 7. Qe2 Nd5 8.
c4 Ba6 9. b3 g6 10. f4 Qb4+ 11. Bd2 Qb6 12. Nc3 Bb4 13. Qd3 Nxc3 14. Bxc3 Bxc3+
15. Qxc3 c5 16. O-O-O O-O-O 17. g3 Bb7 18. Rg1 f6 19. exf6 Rhf8 20. Bh3 Qxf6
21. Qxf6 Rxf6 22. Rge1 Rf7 23. Re5 Kb8 24. Rxc5 d6 25. Re5 Rdf8 26. Re3 Bc6 27.
Rde1 h6 28. Be6 Rf6 29. h4 g5 30. fxg5 hxg5 31. h5 Bf3 32. g4 Rf4 33. h6 Rh8
34. Bf5 Rxh6 35. Rxf3 1-0

[Event "Nordisk Mesterskab 1999"]
[Site "Gentofte"]
[Date "1999.08.16"]
[Round "10"]
[White "Gausel, Einar"]
[Black "Persson, Tiger Hillarp"]
[Result "1/2-1/2"]
[WhiteElo "2500"]
[BlackElo "2507"]
[PlyCount "170"]
[EventDate "1999.08.06"]
[EventType "tourn"]
[EventRounds "13"]
[EventCountry "DEN"]

1. c4 Nf6 2. Nc3 g6 3. Nf3 Bg7 4. e4 c5 5. d4 cxd4 6. Nxd4 d6 7. Be2 O-O 8. O-O
Nc6 9. Nc2 Nd7 10. Bd2 Nc5 11. b4 Ne6 12. Kh1 a5 13. a3 Ned4 14. Nxd4 Nxd4 15.
Rc1 axb4 16. axb4 Ra3 17. Be1 Bd7 18. b5 Be6 19. Bd3 Nb3 20. Nb1 Nxc1 21. Nxa3
Nxd3 22. Qxd3 Qc7 23. Bc3 Bxc3 24. Qxc3 Ra8 25. Ra1 Qc5 26. f3 b6 27. h3 f6 28.
Nc2 Rxa1+ 29. Qxa1 Bxc4 30. Nd4 Bxb5 31. Qa2+ Qc4 32. Qb2 Bd7 33. Qxb6 Kf7 34.
Qb2 h5 35. Ne2 g5 36. Qd2 Be6 37. Kh2 Qa2 38. Qe1 Qb2 39. Kg1 Qe5 40. Qd2 Qa1+
41. Kh2 Qe5+ 42. Kg1 Kg7 43. Kh1 Qc5 44. Nd4 Bd7 45. Qb2 g4 46. hxg4 hxg4 47.
fxg4 Bxg4 48. Qd2 Qe5 49. Qd3 Qf4 50. Kg1 Kh6 51. Kh1 Bd7 52. Kg1 Kg7 53. Ne2
Qe5 54. Nd4 Kf8 55. Qe3 Ke8 56. Qd3 Qc5 57. Kh2 Qg5 58. Kg1 Kf8 59. Kf2 Qf4+
60. Kg1 Kg7 61. Ne2 Qg5 62. Nd4 Bg4 63. Kf2 Qf4+ 64. Kg1 Qe5 65. Kh1 Kg6 66.
Kg1 f5 67. exf5+ Bxf5 68. Qc4 Kf6 69. Nb3 Qe3+ 70. Kh1 Be4 71. Kh2 Qf4+ 72. Kg1
Qg4 73. Qf1+ Kg7 74. Nd2 Bd5 75. Qf2 e5 76. Nf1 Be4 77. Ne3 Qg5 78. Nf1 d5 79.
Nd2 Qg4 80. Qa7+ Kh6 81. Qe3+ Kh5 82. Nxe4 dxe4 83. Qh3+ Qxh3 84. gxh3 Kg5 85.
Kf2 Kf4 1/2-1/2

[Event "Nordisk Mesterskab 1999"]
[Site "Gentofte"]
[Date "1999.08.16"]
[Round "10"]
[White "Gretarsson, Helgi Ass"]
[Black "Olafsson, Helgi"]
[Result "1-0"]
[WhiteElo "2521"]
[BlackElo "2494"]
[PlyCount "51"]
[EventDate "1999.08.06"]
[EventType "tourn"]
[EventRounds "13"]
[EventCountry "DEN"]

1. d4 Nf6 2. c4 g6 3. Nc3 d5 4. Bg5 Bg7 5. Bxf6 Bxf6 6. cxd5 c6 7. e4 cxd5 8.
Nxd5 Bg7 9. Bb5+ Bd7 10. Rc1 Bxb5 11. Nc7+ Kf8 12. Nxb5 a6 13. Nc7 Ra7 14. Nf3
e6 15. Qb3 Nc6 16. d5 Qxc7 17. dxc6 bxc6 18. O-O c5 19. Rc2 Ke7 20. Qe3 Rc8 21.
Rfc1 Qa5 22. Rxc5 Rxc5 23. Rxc5 Qxa2 24. Rc8 Rd7 25. Qc5+ Rd6 26. g3 1-0

[Event "Nordisk Mesterskab 1999"]
[Site "Gentofte"]
[Date "1999.08.16"]
[Round "10"]
[White "Hansen, Torbjorn Ringdal"]
[Black "Agdestein, Simen"]
[Result "0-1"]
[WhiteElo "2259"]
[BlackElo "2580"]
[PlyCount "50"]
[EventDate "1999.08.06"]
[EventType "tourn"]
[EventRounds "13"]
[EventCountry "DEN"]

1. c4 g6 2. Nc3 Bg7 3. g3 e5 4. Nf3 f5 5. d3 Ne7 6. Bg2 h6 7. e4 Nbc6 8. exf5
Nxf5 9. Be3 d6 10. Nh4 Nxh4 11. gxh4 Qxh4 12. Bd5 Ne7 13. Be4 c6 14. Rg1 g5 15.
Qb3 O-O 16. O-O-O Kh8 17. Qb4 Nf5 18. Bxf5 Bxf5 19. Qxb7 Rac8 20. Qxa7 d5 21.
d4 c5 22. dxe5 d4 23. f4 dxe3 24. Nd5 Qf2 25. Qa4 Ra8 0-1

[Event "Nordisk Mesterskab 1999"]
[Site "Gentofte"]
[Date "1999.08.17"]
[Round "11"]
[White "Akesson, Ralf"]
[Black "Hector, Jonny"]
[Result "1/2-1/2"]
[WhiteElo "2535"]
[BlackElo "2505"]
[PlyCount "89"]
[EventDate "1999.08.06"]
[EventType "tourn"]
[EventRounds "13"]
[EventCountry "DEN"]

1. d4 d5 2. c4 c6 3. Nf3 Nf6 4. Nc3 dxc4 5. a4 Bf5 6. e3 e6 7. Bxc4 Bb4 8. O-O
Nbd7 9. Qe2 Bg4 10. h3 Bxf3 11. Qxf3 O-O 12. Rd1 Rc8 13. e4 e5 14. dxe5 Nxe5
15. Qf5 Qa5 16. Bf1 Rfe8 17. Be3 Re6 18. Bd4 Nfd7 19. Bxe5 Nxe5 20. f4 Qb6+ 21.
Kh1 Ng6 22. Bc4 Ne7 23. Qg4 Rg6 24. Qd7 Rf8 25. f5 Rg5 26. Rd2 Qe3 27. Rf1 Bxc3
28. bxc3 Qxe4 29. Qd8 Nd5 30. Qxg5 Qxc4 31. Rf3 h6 32. Qg3 Nf6 33. Rd4 Qa2 34.
Qc7 Kh7 35. Qxb7 Re8 36. Rf1 Qe2 37. Rdf4 Nh5 38. R4f2 Ng3+ 39. Kg1 Qe3 40.
Qxf7 Nxf1 41. f6 Rg8 42. Qe7 Qxe7 43. fxe7 Re8 44. Kxf1 Rxe7 45. Re2 1/2-1/2

[Event "Nordisk Mesterskab 1999"]
[Site "Gentofte"]
[Date "1999.08.17"]
[Round "11"]
[White "Persson, Tiger Hillarp"]
[Black "Gretarsson, Helgi Ass"]
[Result "1-0"]
[WhiteElo "2507"]
[BlackElo "2521"]
[PlyCount "69"]
[EventDate "1999.08.06"]
[EventType "tourn"]
[EventRounds "13"]
[EventCountry "DEN"]

1. d4 d5 2. c4 c6 3. Nc3 dxc4 4. e3 b5 5. a4 b4 6. Nb1 Ba6 7. Qc2 Nf6 8. Bxc4
Bxc4 9. Qxc4 Qd5 10. Qxd5 cxd5 11. Nd2 e6 12. Nb3 Nc6 13. Bd2 Ne4 14. Rc1 Rc8
15. Ne2 Nd6 16. Nf4 Nc4 17. Nd3 Bd6 18. f3 Ke7 19. e4 a5 20. Ke2 Rhd8 21. Be3
Nb6 22. Rc2 Nxa4 23. e5 Bb8 24. Rhc1 Na7 25. Nxa5 Rxc2+ 26. Rxc2 Kd7 27. Nxb4
Bc7 28. Nb3 Bb6 29. Nd3 Nc6 30. Rc1 Ra8 31. Ra1 Ra6 32. Rxa4 Rxa4 33. Nbc5+
Bxc5 34. Nxc5+ Kc7 35. Nxa4 1-0

[Event "Nordisk Mesterskab 1999"]
[Site "Gentofte"]
[Date "1999.08.17"]
[Round "11"]
[White "Borge, Nikolaj"]
[Black "Hansen, Torbjorn Ringdal"]
[Result "1/2-1/2"]
[WhiteElo "2426"]
[BlackElo "2259"]
[PlyCount "102"]
[EventDate "1999.08.06"]
[EventType "tourn"]
[EventRounds "13"]
[EventCountry "DEN"]

1. e4 c6 2. c4 d5 3. exd5 cxd5 4. cxd5 Nf6 5. Nc3 Nxd5 6. Bc4 Nb6 7. Bb3 Nc6 8.
Nf3 e5 9. O-O Bg4 10. h3 Bh5 11. Re1 Be7 12. g4 Bg6 13. Nxe5 Nxe5 14. Rxe5 O-O
15. d3 Bf6 16. Re3 Bd4 17. Rf3 Nd7 18. Nd5 Nc5 19. Be3 Nxb3 20. Qxb3 Bxb2 21.
Re1 Re8 22. Nf4 Qf6 23. h4 Rad8 24. Rd1 Bd4 25. h5 Bxe3 26. fxe3 Rxe3 27. Qxb7
Rxf3 28. Qxf3 Qd4+ 29. Qf2 Qxf2+ 30. Kxf2 Be4 31. Re1 Bc6 32. Re7 Bd7 33. g5
Kf8 34. Re5 Bc6 35. Rc5 Rd6 36. Ke3 Ke7 37. d4 h6 38. g6 Be8 39. Rc7+ Rd7 40.
Rc5 fxg6 41. hxg6 Rd6 42. Rc7+ Kf6 43. Rxa7 Bxg6 44. a4 Bf7 45. a5 h5 46. Nd3
h4 47. Ne5 Be6 48. Ra8 h3 49. Rf8+ Ke7 50. Ng6+ Kd7 51. Rh8 Ra6 1/2-1/2

[Event "Nordisk Mesterskab 1999"]
[Site "Gentofte"]
[Date "1999.08.17"]
[Round "11"]
[White "Gunnarsson, Jon Viktor"]
[Black "Gausel, Einar"]
[Result "0-1"]
[WhiteElo "2411"]
[BlackElo "2500"]
[PlyCount "112"]
[EventDate "1999.08.06"]
[EventType "tourn"]
[EventRounds "13"]
[EventCountry "DEN"]

1. e4 c5 2. Nf3 Nc6 3. d4 cxd4 4. Nxd4 Nf6 5. Nc3 e5 6. Ndb5 d6 7. Nd5 Nxd5 8.
exd5 Nb8 9. c4 Be7 10. Be3 a6 11. Nc3 O-O 12. Be2 f5 13. O-O Nd7 14. f3 Bg5 15.
Qd2 Bxe3+ 16. Qxe3 a5 17. b3 Nc5 18. Rab1 f4 19. Qf2 Bf5 20. Rbd1 Rf6 21. Rfe1
g5 22. g4 fxg3 23. Qxg3 Rh6 24. Kh1 Rh3 25. Qg2 Rh4 26. Bf1 Qf6 27. Re3 Kh8 28.
Ne2 Qh6 29. Ng3 Bh3 30. Qe2 Rf8 31. a3 g4 32. Bxh3 Rxh3 33. fxg4 Rxh2+ 34. Qxh2
Qxe3 35. Rf1 Rxf1+ 36. Nxf1 Qxb3 37. Qf2 Qh3+ 38. Nh2 Kg7 39. Qf5 Qh6 40. Qc8
Qf6 41. Qc7+ Kg6 42. Qxa5 e4 43. Qa8 Kf7 44. Qc8 e3 45. Qc7+ Kg6 46. Qb8 Kg5
47. Qe8 Kf4 48. g5 Qf5 49. Qh5 Ke4 50. Qh4+ Kd3 51. Qe1 Qe4+ 52. Kg1 Kxc4 53.
Nf1 Kd4 54. Ng3 Qc2 55. Qf1 Qf2+ 56. Qxf2 exf2+ 0-1